Möglichkeiten für die Analyse der deutschen Fachtexte grösseren Umfangs mit Hilfe von Mind und concept Maps
Gespeichert in:
| 1. Verfasser: | |
|---|---|
| Format: | Buchkapitel |
| Sprache: | Deutsch |
| Schlagworte: | |
| Tags: |
Keine Tags, Fügen Sie das erste Tag hinzu!
|
MARC
| LEADER | 00000nla a2200000 4500 | ||
|---|---|---|---|
| 001 | 0223116 | ||
| 005 | 20240502073641.8 | ||
| 041 | 0 | |a ger | |
| 044 | |a SK | ||
| 245 | 1 | 0 | |a Möglichkeiten für die Analyse der deutschen Fachtexte grösseren Umfangs mit Hilfe von Mind und concept Maps |c Jana Kucharová |
| 610 | 2 | 0 | |a jazyky cudzie |
| 610 | 2 | 0 | |a nemčina |
| 610 | 2 | 0 | |a literatúra |
| 610 | 2 | 0 | |a zásoba slovná |
| 100 | 1 | |a Kucharová, Jana, 1981- | |